| 000 | 00349nam a2200121 4500 | ||
|---|---|---|---|
| 008 | 180213b xxu||||| |||| 00| 0 eng d | ||
| 100 |
_926378 _aNewman, Minerva |
||
| 245 | _aCebu brings classroom to city's street children/ | ||
| 260 |
_aPhilippines _bManila Bulletin _cc2017 |
||
| 300 | _apage 6. | ||
| 650 | 0 |
_926379 _aChild welfare. |
|
| 942 |
_2ddc _cPER |
||
| 999 |
_c8572 _d8572 |
||